Count to 10 in Europe - Statistics

General Stats
  • This quiz has been taken 11 times
  • The average score is 37 of 80
Answer Stats
Language # Answer % Correct
Italian 3 Tre
100%
Swedish 3 Tre
100%
French 1 Un
100%
Spanish 5 Cinco
91%
Portuguese 5 Cinco
91%
Spanish 2 Dos
91%
Spanish 3 Tres
91%
Portuguese 3 Três
91%
Spanish 1 Uno
91%
Italian 1 Uno
91%
Italian 6 Sei
82%
Spanish 6 Seis
82%
Portuguese 6 Seis
82%
Spanish 10 Diez
73%
German 3 Drei
73%
Spanish 9 Nueve
73%
Spanish 8 Ocho
73%
French 3 Trois
73%
German 8 Acht
64%
Dutch 8 Acht
64%
French 5 Cinq
64%
French 2 Deux
64%
German 1 Eins
64%
German 5 Fünf
64%
French 8 Huit
64%
French 9 Neuf
64%
French 4 Quatre
64%
French 7 Sept
64%
Spanish 7 Siete
64%
French 6 Six
64%
German 2 Zwei
64%
Spanish 4 Cuatro
55%
French 10 Dix
55%
Italian 2 Due
55%
German 9 Neun
55%
Portuguese 4 Quatro
55%
German 6 Sechs
55%
German 7 Sieben
55%
German 4 Vier
55%
Dutch 4 Vier
55%
Italian 5 Cinque
45%
Italian 9 Nove
45%
Portuguese 9 Nove
45%
Italian 8 Otto
45%
German 10 Zehn
45%
Italian 10 Dieci
36%
Swedish 1 En
36%
Italian 4 Quattro
36%
Italian 7 Sette
36%
Swedish 6 Sex
36%
Portuguese 1 Um
36%
Portuguese 10 Dez
27%
Swedish 5 Fem
27%
Swedish 9 Nio
27%
Swedish 10 Tio
27%
Swedish 8 Åtta
18%
Portuguese 2 Dois
18%
Dutch 1 Een
18%
Swedish 4 Fyra
18%
Portuguese 8 Oito
18%
Portuguese 7 Sete
18%
Swedish 7 Sju
18%
Swedish 2 Två
18%
Dutch 2 Twee
18%
Dutch 3 Drie
9%
Polish 2 Dwa
9%
Dutch 9 Negen
9%
Dutch 10 Tien
9%
Polish 3 Trzy
9%
Dutch 5 Vijf
9%
Dutch 6 Zes
9%
Dutch 7 Zeven
9%
Polish 4 Cztery
0%
Polish 10 Dziesięć
0%
Polish 9 Dziewięć
0%
Polish 1 Jeden
0%
Polish 8 Osiem
0%
Polish 5 Pięć
0%
Polish 7 Siedem
0%
Polish 6 Sześć
0%
No matching quizzes found
Score Distribution
Percent of People with Each Score
Percentile by Number Answered
Your Score History
You have not taken this quiz